|
|
|
|
| LEADER |
00000nam0a2200000 4500 |
| 001 |
259412 |
| 005 |
20231101233402.0 |
| 010 |
|
|
|a 5282002906
|
| 035 |
|
|
|a (RuTPU)RU\TPU\book\282354
|
| 090 |
|
|
|a 259412
|
| 100 |
|
|
|a 20140508d1988 m y0rusy50 ca
|
| 101 |
0 |
|
|a rus
|
| 102 |
|
|
|a RU
|
| 105 |
|
|
|a a z 001zy
|
| 200 |
1 |
|
|a Райская кухня, или всё из яблок
|f Г. Думрат
|
| 210 |
|
|
|a Москва
|c Экономика
|d 1988
|
| 215 |
|
|
|a 126 с.
|c ил.
|
| 320 |
|
|
|a Алфавитно-предметный указатель: с. 124-126.
|
| 606 |
1 |
|
|a Кулинария
|x Рецептура
|2 stltpush
|3 (RuTPU)RU\TPU\subj\16731
|9 42668
|
| 610 |
1 |
|
|a домоводство
|
| 610 |
1 |
|
|a кухня народов мира
|
| 610 |
1 |
|
|a пища
|
| 610 |
1 |
|
|a приготовление
|
| 610 |
1 |
|
|a яблоки
|
| 675 |
|
|
|a 641.5
|v 3
|
| 700 |
|
1 |
|a Думрат
|b Г.
|g Гунвар
|
| 801 |
|
1 |
|a RU
|b 63413507
|c 20140508
|
| 801 |
|
2 |
|a RU
|b 63413507
|c 20160408
|g RCR
|
| 942 |
|
|
|c BK
|